00835 a2200181 45000010006000000050017000060080041000230030015000640400040000790800109001192450059002282500009002872640041002963000019003375050242003561000020005987000035006185943820260407155848.0260407a1966 arg spa dAR-UNSa-BCEJYS aAR-UNSa-BCEJYSbspacAR-UNSa-BCEJYS a339.9xEconomía internacional en general. Relaciones económicas internacionales. Economía mundial 10aPaises pobres, paises ricospla brecha que se ensancha a5ed. 1aMéxico :bSiglo XXI Editoresc1966 a198 p.c18 cm. a1. Introducción - 2. La distribución del ingreso mundial - 3. La estructura económica de los países ricos y pobres - 4. Crecimiento económico - 5. Desarrollo económico - 6. Progreso económico - 7. La brecha que se ensancha 1 aZimmerman, J.L.1 aGonzález Aramburu, Francisco